ORAL & MAXILLOFACIAL TRAUMA (Record no. 10620)

MARC details
000 -LEADER
fixed length control field 00322nam a22001457a 4500
003 - CONTROL NUMBER IDENTIFIER
control field SGT
082 ## - DEWEY DECIMAL CLASSIFICATION NUMBER
Classification number 617.525
Item number O13F
100 ## - MAIN ENTRY--PERSONAL NAME
Personal name FONSECA,RAYMOND.J
245 ## - TITLE STATEMENT
Title ORAL & MAXILLOFACIAL TRAUMA
250 ## - EDITION STATEMENT
Edition statement 4TH
260 ## - PUBLICATION, DISTRIBUTION, ETC. (IMPRINT)
Place of publication, distribution, etc ST.LOUIS,MISSOURI
Name of publisher, distributor, etc ELSEVIER
Year of Publication 2013
300 ## - PAGE DESCRIPTION
No. of Pages 875
650 ## - SUBJECT ADDED ENTRY--TOPICAL TERM
Topical term or geographic name as entry element ORAL SURGERY
942 ## - ADDED ENTRY ELEMENTS (KOHA)
Source of classification or shelving scheme Dewey Decimal Classification
Koha item type Books
Holdings
Withdrawn status Lost status Source of classification or shelving scheme Damaged status Not for loan Home library Current library Shelving location Date acquired Vendor Name Cost, normal purchase price SGTU Bill Number Total Checkouts Full call number Accession No. (Barcode) Date last seen Bill Date Koha item type
    Dewey Decimal Classification     SGT Dental Library SGT Dental Library Reference Book 27/01/2017 AHUJA BOOK CO.(NEW DELHI) 26412.00 SGTU 7042   617.525, O13F FD7443 27/01/2017   Books